UBT Library

Veterinary drug handbook / (Record no. 43527)

000 -LEADER
fixed length control field 00831cam a22002654a 4500
001 - CONTROL NUMBER
control field 2618168
005 - DATE AND TIME OF LATEST TRANSACTION
control field 20180227032104.0
008 - FIXED-LENGTH DATA ELEMENTS--GENERAL INFORMATION
fixed length control field 981119s1999 iau bf s001 0 eng
010 ## - LIBRARY OF CONGRESS CONTROL NUMBER
LC control number 98053001
020 ## - INTERNATIONAL STANDARD BOOK NUMBER
International Standard Book Number 0813824443 (desk edition)
020 ## - INTERNATIONAL STANDARD BOOK NUMBER
International Standard Book Number 0813823536 (pocket edition)
035 ## - SYSTEM CONTROL NUMBER
System control number (DLC) 98053001
040 ## - CATALOGING SOURCE
Original cataloging agency DLC
Transcribing agency DLC
Modifying agency DLC
041 ## - LANGUAGE CODE
Language code of text/sound track or separate title eng
042 ## - AUTHENTICATION CODE
Authentication code pcc
080 ## - UNIVERSAL DECIMAL CLASSIFICATION NUMBER
Universal Decimal Classification number 636.089/5103 plu
082 00 - DEWEY DECIMAL CLASSIFICATION NUMBER
Classification number 636.089/5103 plu
Edition number 21
100 1# - Rafti
Rafti 9
101 ## - Shkurtesa
Shkurtesa zoo
245 10 - TITLE STATEMENT
Title Veterinary drug handbook /
Statement of responsibility, etc Donald C. Plumb.
504 ## - BIBLIOGRAPHY, ETC. NOTE
Bibliography, etc Includes bibliographical references (p. 712) and index.
906 ## - LOCAL DATA ELEMENT F, LDF (RLIN)
a 7
b cbc
c orignew
d 1
e ocip
f 19
g y-gencatlg
942 ## - ADDED ENTRY ELEMENTS (KOHA)
Source of classification or shelving scheme
Item type Books
Holdings
Withdrawn status Lost status Source of classification or shelving scheme Damaged status Not for loan Collection code Permanent location Current location Shelving location Date acquired Total Checkouts Full call number Barcode Date last seen Price effective from Koha item type
          Koleksioni i përgjithshem UBT - Lipjan UBT - Lipjan Koleksioni i përgjithshem 02/27/2018   636.0895103 plu 002-3000079 02/27/2018 02/27/2018 Books
UBT Library © 2015-2024. All rights reserved University Education for Business and Technology